ՀՀ Գիտությունների ազգային ակադեմիայի հիմնարար գիտական գրադարան  =   Fundamental Scientific Library of NAS RA

Основы микропроцессорной техники : (Record no. 280632)

MARC details
000 -LEADER
fixed length control field 01068nam a2200241 u 4500
001 - CONTROL NUMBER
control field 000762090
003 - CONTROL NUMBER IDENTIFIER
control field AM-YeHGA
005 - DATE AND TIME OF LATEST TRANSACTION
control field 20250617143735.0
008 - FIXED-LENGTH DATA ELEMENTS--GENERAL INFORMATION
fixed length control field 100930s2009 ||| r 000 0 rus d
020 ## - INTERNATIONAL STANDARD BOOK NUMBER
Canceled/invalid ISBN 978-5-9963-0023-5
040 ## - CATALOGING SOURCE
Original cataloging agency AM-YeHGA
041 0# - LANGUAGE CODE
Language code of text/sound track or separate title rus
090 ## - LOCALLY ASSIGNED LC-TYPE CALL NUMBER (OCLC); LOCAL CALL NUMBER (RLIN)
-- 282286
100 1# - MAIN ENTRY--PERSONAL NAME
Personal name Новиков, Юрий Витальевич
245 10 - TITLE STATEMENT
Title Основы микропроцессорной техники :
Remainder of title Учебное пособие /
Statement of responsibility, etc. Ю.В. Новиков, П.К. Скоробогатов.
250 ## - EDITION STATEMENT
Edition statement 4-е изд., испр.
260 ## - PUBLICATION, DISTRIBUTION, ETC.
Place of publication, distribution, etc. Москва :
Name of publisher, distributor, etc. Интернет-ун-т информационных технологий
-- Бином. Лаб. знаний,
Date of publication, distribution, etc. 2009.
300 ## - PHYSICAL DESCRIPTION
Extent 357 с. :
Other physical details ил., табл.
440 #0 - SERIES STATEMENT/ADDED ENTRY--TITLE
Title Основы информационных технологий
504 ## - BIBLIOGRAPHY, ETC. NOTE
Bibliography, etc. note Библиогр.: с. 356-357
653 0# - INDEX TERM--UNCONTROLLED
Uncontrolled term Микропроцессоры - Теория - Учебник для высшей школы
700 1# - ADDED ENTRY--PERSONAL NAME
Personal name Скоробогатов, Павел Константинович
Holdings
Withdrawn status Lost status Damaged status Not for loan Collection Home library Current library Date acquired Shelving control number Total checkouts Full call number Barcode Date last seen Price effective from Koha item type Public note
        General Fundamental Scientific Library Fundamental Scientific Library 29/12/2016     PII/655186 FL0150299 29/12/2016 29/12/2016 Գրքեր / Books 30 Days Loan


ՀՀ ԳԱԱ հիմնարար գիտական գրադարան
ՀՀ,Երևան 0019
Մարշալ Բաղրամյան 24/6
հեռախոս:(374-10) 52-47-50
Հետադարձ կապ

All site content, except where otherwise noted, is licensed under a
Creative Commons License